China's Allocation of Fixed Capital Investment, 1952-1957.

Bibliographic Details
Main Author: Cheng, Chu-yuan.
Format: eBook
Language:English
Published: Ann Arbor : Center for Chinese Studies Publications, 1974.
Edition:1st ed.
Series:Michigan Monographs in Chinese Studies
Subjects:
Online Access:Click to View
LEADER 01618nam a22003853i 4500
001 EBC7007883
003 MiAaPQ
005 20231204023225.0
006 m o d |
007 cr cnu||||||||
008 231204s1974 xx o ||||0 eng d
020 |a 9780472902224  |q (electronic bk.) 
020 |z 9780892640171 
035 |a (MiAaPQ)EBC7007883 
035 |a (Au-PeEL)EBL7007883 
035 |a (OCoLC)1328133404 
040 |a MiAaPQ  |b eng  |e rda  |e pn  |c MiAaPQ  |d MiAaPQ 
050 4 |a HC430 
100 1 |a Cheng, Chu-yuan. 
245 1 0 |a China's Allocation of Fixed Capital Investment, 1952-1957. 
250 |a 1st ed. 
264 1 |a Ann Arbor :  |b Center for Chinese Studies Publications,  |c 1974. 
264 4 |c Ã1974. 
300 |a 1 online resource (76 pages) 
336 |a text  |b txt  |2 rdacontent 
337 |a computer  |b c  |2 rdamedia 
338 |a online resource  |b cr  |2 rdacarrier 
490 1 |a Michigan Monographs in Chinese Studies ;  |v v.17 
588 |a Description based on publisher supplied metadata and other sources. 
590 |a Electronic reproduction. Ann Arbor, Michigan : ProQuest Ebook Central, 2023. Available via World Wide Web. Access may be limited to ProQuest Ebook Central affiliated libraries.  
655 4 |a Electronic books. 
776 0 8 |i Print version:  |a Cheng, Chu-yuan  |t China's Allocation of Fixed Capital Investment, 1952-1957  |d Ann Arbor : Center for Chinese Studies Publications,c1974  |z 9780892640171 
797 2 |a ProQuest (Firm) 
830 0 |a Michigan Monographs in Chinese Studies 
856 4 0 |u https://ebookcentral.proquest.com/lib/matrademy/detail.action?docID=7007883  |z Click to View